000 00829nam a2200241 i 4500
001 34249
003 ES-MaACL
005 20251006165627.0
007 t|
008 030204s1983 sp ||||1| spa d
100 1 _aBohigas, Oriol.
_929819
245 1 0 _aReseña y catálogo de la arquitectura modernista /
_cOriol Bohigas ; ampliación y revisión del catálogo por Antoni González y Raquel Lacuesta.
250 _a[3ª ed.].
260 _aBarcelona :
_bLumen,
_c[1983]
300 _a2 v. :
_bil. ;
_c19 cm.
490 1 _aPalabra en el tiempo
650 4 _aArquitectura modernista-
_zCataluña.
_9139391
700 1 _aGonzález i Moreno-Navarro, Antoni
_958288
700 1 _aLacuesta, Raquel.
_969421
830 0 _aPalabra en el tiempo
_9177857
852 _aES-MaACL
_jL-6271-2
_bR.107043
999 _c34249
_d34249